000
00205 a2200097 4500
001
29712
100
_a
Aziz
245
_a
History of Pakistan
260
_a
_b
Kazi Publishers
_c
1979
090
_c
19732
_d
19732
942
_a
NUST-CAE
_c
M
_c
10816
999
_c
264785
_d
264785